| 000 | 01525nam a2200241Ia 4500 | ||
|---|---|---|---|
| 003 | Ost | ||
| 005 | 20260507075202.0 | ||
| 008 | 260507s9999||||xx |||||||||||||| ||und|| | ||
| 040 | _cfsecg | ||
| 041 | _aara | ||
| 082 | _a330 | ||
| 100 |
_aكحالة، جبرائيل _eمؤلف |
||
| 245 | 0 |
_aالمحاسبة المالية : _bبين النظرية و التطبيق / _c جبرائيل كحالة |
|
| 260 |
_aعمان: _bدار زهران, _c1997 |
||
| 300 |
_a378 صفحة؛ _bإيضاحات ؛ _c24 سم |
||
| 504 | _aمراجع ص.377 | ||
| 520 | _aطبيعة المحاسبة المالية و مجالها ، المفاهيم و الفروض و المبادئ المحاسبية ، طرق القيد المحاسبي ، المقومات الأساسية للنظام المحاسبي ، التسجيل و التبوب المحاسبي ، معالجة العمليات التمويلبة و الرأسمالية ، معالجة العمليات النقدية ، معالجة العمليات البنكية ، معالجة عمليات الشراء و البيع ، معالجة الاوراق التجارية ، ميزان المراجعة و تصحيح الاخطاء ، الحسابات الختامية و قائمة الدخل ، الميزانية ( قائمة المركز المالي ). | ||
| 653 | _aالمالية | ||
| 653 | _aالمحاسبة | ||
| 700 |
_aالخطيب، خالد _eمؤلف ثانوي |
||
| 700 |
_aغنيم، رمضان محمد _eمؤلف ثانوي |
||
| 942 | _cكتاب | ||
| 999 |
_c43410 _d43410 |
||